Essere se stessi : opuscolo per i giovani gay, bisex e lesbiche /

Saved in:
Bibliographic Details
Other Authors: Philipp, Stefan
Format: Book
Language:Italian
Tags: Add Tag
No Tags, Be the first to tag this record!

MARC

LEADER 00000nam a22000007i 4500
001 IT\ICCU\UBO\3398001
003 ItRI
005 20260115232420.0
008 080320s2001 sz |||||| ||||| |||||c
040 |b ita  |c importazione bologna sebina 
041 7 |a ita  |2 ISO-639-2 
245 0 0 |a Essere se stessi :  |b opuscolo per i giovani gay, bisex e lesbiche /  |c Stefan Philipp ... [et al.]. 
300 |a Zurigo :  |b Aiuto Aids Svizzero, [2001]. 63 p. : ill. ;  |c 30 cm. 
700 1 |a Philipp, Stefan  |0 IT\ICCU\UBOV\228785 
942 |2 ddc  |c BK  |n 0 
952 |0 0  |1 0  |4 0  |6 DOC_306_708000000000000_PHI  |7 0  |9 25477  |a BO  |b BO  |d 2026-01-15  |i 11854  |l 0  |o DOC 306.708 PHI  |p BO11854  |r 2026-01-15 23:24:21  |w 2026-01-15  |x [Sebina 7] [1 v.]  |y BK  |z 1 v. 
999 |c 21631  |d 21631